Hear me, my chiefs! : Nez Perce history and legend /

Bibliographic Details
Main Author: McWhorter, Lucullus Virgil, 1860-1944
Other Authors: Bordin, Ruth Birgitta Anderson, 1917-
Format: Book
Language:English
Published: Caldwell, Idaho : Caxton Printers, 1952.
Subjects:

MARC

Tag First Indicator Second Indicator Subfields
LEADER 00000cam a2200000 4500
001 in00001007378
005 20150927215151.0
008 761027s1952 iduabc 00010 eng
010 |a  52005209  
035 |a (OCoLC)02534732 
035 |9 AFD5807AM 
040 |a DLC  |c OHI  |d OCL  |d m/c  |d TXA  |d UtOrBLW 
049 |a TXAS [mil] 
050 0 0 |a E99.N5  |b M3 
082 0 |a 970.1 970.3 
090 |a E99.N5  |b M3 1952 
100 1 |a McWhorter, Lucullus Virgil,  |d 1860-1944. 
245 1 0 |a Hear me, my chiefs! :  |b Nez Perce history and legend /  |c edited by Ruth Bordin. 
264 1 |a Caldwell, Idaho :  |b Caxton Printers,  |c 1952. 
300 |a xxiv, 640 pages :  |b illustrations portraits, maps (1 folded) ;  |c 24 cm. 
336 |a text  |b txt  |2 rdacontent 
337 |a unmediated  |b n  |2 rdamedia 
338 |a volume  |b nc  |2 rdacarrier 
650 0 |a Nez Percé Indians. 
650 0 |a Nez Percé Indians  |x Wars, 1877. 
700 1 |a Bordin, Ruth Birgitta Anderson,  |d 1917- 
999 |a MARS 
999 f f |s f913d702-6265-39d3-b79e-ec87016eeb44  |i e078960d-9df9-364c-93f0-824c3d801aac  |t 0 
952 f f |p noncirc  |a Texas A&M University  |b College Station  |c Cushing Memorial Library & Archives  |d Cushing: Ragan Military (Does not check out)  |t 0  |e E99.N5 M3 1952  |h Library of Congress classification  |i unmediated -- volume 
998 f f |a E99.N5 M3 1952  |t 0  |l Cushing: Ragan Military (Does not check out)